000 00471nam a2200181Ia 4500
001 21392
005 20260306172916.0
008 260306t2011||||xx |||||||||||||| ||spa||
041 _aESP
082 _a344.83
_bG23
100 _aGarcía Cavero, Percy
_eAUT
245 0 _aEl derecho penal económico:
_bcuestiones fundamentales y temas actuales
260 _c2011
300 _a269 páginas :
_c24 cm.
650 _aGEN
654 _aCDE
942 _cLIB
_dJUS
_fJUS
_2ddc
_n
999 _c21392
_d21392